Численное моделирование остаточных напряжений в изделиях, полученных методом селективного лазерного плавления; Иерархические материалы: разработка и приложения для новых технологий и надежных конструкций
| Parent link: | Иерархические материалы: разработка и приложения для новых технологий и надежных конструкций.— 2018.— [С. 223-224] |
|---|---|
| Autor Corporativo: | |
| Otros Autores: | , , , , |
| Sumario: | Заглавие с экрана Режим доступа: по договору с организацией-держателем ресурса |
| Lenguaje: | ruso |
| Publicado: |
2018
|
| Colección: | Проблемы компьютерного конструирования материалов с иерархической структурой |
| Materias: | |
| Acceso en línea: | https://elibrary.ru/item.asp?id=36748908 http://dx.doi.org/10.17223/9785946217408/137 |
| Formato: | Electrónico Capítulo de libro |
| KOHA link: | https://koha.lib.tpu.ru/cgi-bin/koha/opac-detail.pl?biblionumber=659837 |
MARC
| LEADER | 00000nla2a2200000 4500 | ||
|---|---|---|---|
| 001 | 659837 | ||
| 005 | 20231101135109.0 | ||
| 035 | |a (RuTPU)RU\TPU\network\28646 | ||
| 035 | |a RU\TPU\network\28644 | ||
| 090 | |a 659837 | ||
| 100 | |a 20190402a2018 k y0rusy50 ca | ||
| 101 | 0 | |a rus | |
| 102 | |a RU | ||
| 105 | |a y z 100zy | ||
| 135 | |a drgn ---uucaa | ||
| 181 | 0 | |a i | |
| 182 | 0 | |a b | |
| 200 | 1 | |a Численное моделирование остаточных напряжений в изделиях, полученных методом селективного лазерного плавления |f Р. О. Черепанов [и др.] | |
| 203 | |a Текст |c электронный | ||
| 225 | 1 | |a Проблемы компьютерного конструирования материалов с иерархической структурой | |
| 300 | |a Заглавие с экрана | ||
| 320 | |a [Библиогр.: с. 224 (6 назв.)] | ||
| 333 | |a Режим доступа: по договору с организацией-держателем ресурса | ||
| 463 | 0 | |0 (RuTPU)RU\TPU\network\28560 |t Иерархические материалы: разработка и приложения для новых технологий и надежных конструкций |o международный симпозиум, 1-5 октября 2018 года, Томск, Россия |o тезисы докладов международной конференции "Перспективные материалы с иерархической структурой для новых технологий и надежных конструкций" |o тезисы докладов международной конференции "Химия нефти и газа" |f Российская академия наук (РАН), Сибирское отделение (СО), Институт физики прочности и материаловедения (ИФПМ) ; Российская академия наук (РАН), Сибирское отделение (СО), Институт химии нефти (ИХН) ; Национальный исследовательский Томский политехнический университет (ТПУ) |v [С. 223-224] |d 2018 | |
| 610 | 1 | |a электронный ресурс | |
| 610 | 1 | |a труды учёных ТПУ | |
| 610 | 1 | |a численное моделирование | |
| 610 | 1 | |a остаточные напряжения | |
| 610 | 1 | |a селективное плавление | |
| 610 | 1 | |a лазерное плавление | |
| 610 | 1 | |a порошки | |
| 610 | 1 | |a металлы | |
| 610 | 1 | |a лазерные лучи | |
| 701 | 1 | |a Черепанов |b Р. О. |c физик |c научный сотрудник Томского политехнического университета, кандидат физико-математических наук |f 1982- |g Роман Олегович |2 stltpush |3 (RuTPU)RU\TPU\pers\41478 | |
| 701 | 1 | |a Криницын |b М. Г. |c специалист в области машиностроения |c инженер Томского политехнического университета |f 1992- |g Максим Германович |2 stltpush |3 (RuTPU)RU\TPU\pers\37436 | |
| 701 | 1 | |a Федоров |b В. В. |c специалист в области машиностроения |c директор научно-образовательного центра Томского политехнического университета |f 1983- |g Василий Викторович |2 stltpush |3 (RuTPU)RU\TPU\pers\37485 | |
| 701 | 1 | |a Кректулева |b Р. А. | |
| 701 | 1 | |a Черепанов |b О. И. | |
| 712 | 0 | 2 | |a Национальный исследовательский Томский политехнический университет (ТПУ) |b Институт физики высоких технологий (ИФВТ) |b Кафедра материаловедения и технологии металлов (МТМ) |b Научно-образовательный центр "Современные производственные технологии" (НОЦ СПТ) |h 7774 |2 stltpush |3 (RuTPU)RU\TPU\col\22917 |
| 801 | 2 | |a RU |b 63413507 |c 20191118 |g RCR | |
| 856 | 4 | |u https://elibrary.ru/item.asp?id=36748908 | |
| 856 | 4 | |u http://dx.doi.org/10.17223/9785946217408/137 | |
| 942 | |c CF | ||